| 000 | 00427nam a2200145Ia 4500 | ||
|---|---|---|---|
| 003 | OSt | ||
| 005 | 20260202115204.0 | ||
| 008 | 211028s2019 xx 000 0 und d | ||
| 040 | _cAIMIT LIBRARY | ||
| 041 | _aeng | ||
| 100 |
_aAsha; Mascarenhas, Deepika. _g1716028 _98008 |
||
| 245 | _aStudy on effectiveness of training at mindselect consultant private Ltd / | ||
| 260 |
_aBengaluru _bRavi Kudtarkar _c2019 |
||
| 942 |
_2ddc _cPRO |
||
| 999 |
_c219576 _d219576 |
||